Qualitative Research The Essential Guide to Theory and Practice
Guardado en:
| Autor principal: | |
|---|---|
| Otros Autores: | |
| Formato: | Libro |
| Lenguaje: | inglés |
| Publicado: |
Abingdon
Routledge/Taylor & Francis Group
2025
|
| Edición: | 2nd Edition |
| Materias: | |
| Etiquetas: |
Sin Etiquetas, Sea el primero en etiquetar este registro!
|
MARC
| LEADER | 00000nam a2200000 4500 | ||
|---|---|---|---|
| 001 | 0312553 | ||
| 005 | 20251208103416.3 | ||
| 020 | |a 978-1-032-77458-9 | ||
| 020 | |a 978-1-032-77460-2 | ||
| 041 | 0 | |a eng | |
| 044 | |a GB | ||
| 245 | 1 | 0 | |a Qualitative Research |b The Essential Guide to Theory and Practice |c Maggi Savin-Baden and Claire Howell Major |
| 250 | |a 2nd Edition | ||
| 264 | 1 | |a Abingdon |b Routledge/Taylor & Francis Group |c 2025 | |
| 300 | |a 632 s. | ||
| 610 | 2 | 0 | |a výskum kvalitatívny |
| 610 | 2 | 0 | |a etnografia |
| 610 | 2 | 0 | |a etika |
| 610 | 2 | 0 | |a dáta |
| 610 | 2 | 0 | |a analýza dát |
| 610 | 2 | 0 | |a metódy výskumu |
| 610 | 2 | 0 | |a metodológia |
| 100 | 1 | |a Savin-Baden, Maggi | |
| 700 | 1 | |a Major, Claire Howell | |